Conformit ̉al contratto e qualit ̉delle tutele nella vendita

Detalles Bibliográficos
Autor principal: Genovese, Amarillide
Otros Autores: Carinci, Maria Teresa
Formato: Desconocido
Lenguaje:italiano
Publicado: [Roma] : Cacucci Editore, 2005
Materias:
Acceso en línea:Acceso restringido

MARC

LEADER 00000ny a22000003n 4500
005 20110524115950.0
008 101118s2010 it 000 ita d
022 |a 8884224551 
035 |a 5072 
040 |a BUS  |d vLex 
090 |c 205  |d 205 
100 1 |a Genovese, Amarillide 
245 1 3 |a Conformit ̉al contratto e qualit ̉delle tutele nella vendita  |h [Recurso electrn̤ico]  |c Amarillide Genovese  
256 |a Servicio en ln̕ea 
260 |a [Roma] :  |b Cacucci Editore,  |c 2005 
506 1 |a Contenido solo disponible en los productos indicados  |d vLex Global  |d vLex Global (Academic Edition, excluding Law Schools)  |d vLex Global (U.S. Academic Edition, Law Schools)  |d vLex Global (U.S. Academic Edition, excluding Law Schools)  |d vLex Global (Academic Edition, Law Schools) 
650 0 4 |a Venta 
700 1 |a Carinci, Maria Teresa 
740 0 |a vLex Libros (Servicios en ln̕ea) 
856 4 0 |z Acceso restringido  |u http://vlex.com/source/conformita-contratto-qualita-tutele-vendita-5072 
942 |c BOOK 
999 0 |a Selling  |b Roma